01609cas a2200373 a 4500001000400000005001700004007000300021008004100024016001400065022004700079035002400126040005200150042000800202050001500210130003000225245005000255247007300305260007500378260002500453300002500478310001200503362003200515550006200547580011100609650002600720650002600746700001300772710005500785710002900840776017300869780008301042780008301125856002701208dpl20140904160714.0ta041103c20049999ii mr p 0 0eng c7 a013168526 a0973-1458y0252-9254y0252-9262y0019-5480 a(OCoLC)ocm56895225  aOUbengcOUdTxCMdDLCdCLUdUKMGBdCU-SdOCoLC apcc00aQC1b.I5280 aIndian journal of physics10aIndian journal of physics cedited by A Ghosh aProceedings of the Indian Association for the Cultivation of Science aCalcutta :bIndian Association for the Cultivation of Science,cc2004- aNew Delhi bSpringer av. :bill. ;c28 cm. aMonthly0 aVol. 88, no. 3 (March 2014- aIssued in collaboration with the Indian Physical Society. aFormed by the union of: The Indian journal of physics. Part A, and: The Indian journal of physics. Part B. 0aPhysicsvPeriodicals. 0aSciencevPeriodicals. aGhosh, A2 aIndian Association for the Cultivation of Science.2 aIndian Physical Society.08iOnline version:tIndian journal of physics and proceedings of the Indian Association for the Cultivation of Science (2004 : Online)w(DLC) 2004263057w(OCoLC)60830508614tIndian journal of physics. Part Ax0252-9262w(DLC) 85644553w(OCoLC)368933314tIndian journal of physics. Part Bx0252-9254w(DLC) 85644556w(OCoLC)3689359 uwww.springer.com/12648